Normal view
MARC view
- Software Engineering-X-MAN System Modelling and Verification
Entry Topical Term
001 - CONTROL NUMBER
- control field: 35171
003 - CONTROL NUMBER IDENTIFIER
- control field: NUST
005 - DATE AND TIME OF LATEST TRANSACTION
- control field: 20201111164335.0
008 - FIXED-LENGTH DATA ELEMENTS
- fixed length control field: 201111|| aca||aabn | a|a d
040 ## - CATALOGING SOURCE
- Original cataloging agency: NUST
- Transcribing agency: NUST
150 ## - HEADING--TOPICAL TERM
- Topical term or geographic name entry element: Software Engineering-X-MAN System Modelling and Verification
670 ## - SOURCE DATA FOUND
- Source citation: Work cat.: (NUST): Tabbasum, Saher 35170, X-MAN System Modelling and Verification Through Automated Theorem Proving /, 2017
